| 000 | 00406nam a22001571a 4500 | ||
|---|---|---|---|
| 020 | _a9788120808065 | ||
| 082 |
_a294.592 1 _bDHA/V |
||
| 100 |
_aDharmadhikari T N (ed.) _975230 |
||
| 245 |
_aVedic texts : _ba revision/ |
||
| 260 |
_a _b _c1990. |
||
| 300 | _a134p. | ||
| 650 |
_aVedic Literature Revision _975231 |
||
| 700 |
_aR S Shastry (ed.) _975232 |
||
| 700 |
_aN P Jain (ed.) _975233 |
||
| 942 | _cBK | ||
| 999 |
_c49528 _d49528 |
||